Systems and methods for magnetic shielding

Dades bibliogràfiques
Autor principal: Uchaykin S. V. Sergey Victorovich
Autor corporatiu: Национальный исследовательский Томский политехнический университет
Sumari:Title screen
Systems and methods for magnetic shielding are described. A magnetic shield formed of a material having a high magnetic permeability may be degaussed using a toroidal degaussing coil. The toroidal degaussing coil may enclose at least a portion of the shield. Magnetic field gradients may be actively compensated using multiple magnetic field sensors and local compensation coils. Trapped fluxons may be removed by an application of Lorentz force wherein an electrical current is passed through a superconducting plane.
Idioma:anglès
Publicat:
Matèries:
Accés en línia:http://patft.uspto.gov/netacgi/nph-Parser?Sect2=PTO1&Sect2=HITOFF&p=1&u=/netahtml/PTO/search-bool.html&r=1&f=G&l=50&d=PALL&RefSrch=yes&Query=PN/8441330
Format: MixedMaterials Electrònic Llibre
KOHA link:https://koha.lib.tpu.ru/cgi-bin/koha/opac-detail.pl?biblionumber=637250

MARC

LEADER 00000nlm0a2200000 4500
001 637250
005 20260123143829.0
029 1 0 |a US  |b 8441330  |c Pat.  |d U.S.Cl. 335/301 
035 |a (RuTPU)RU\TPU\network\1348 
035 |a RU\TPU\network\1109 
039 0 |a US  |b 13/050,742  |c 20110317 
090 |a 637250 
100 |a 20140611j20130514k y0engy50 ba 
101 0 |a eng 
102 |a US 
105 |a a k 000zy 
135 |a drcn ---uucaa 
181 0 |a i  
182 0 |a b 
200 1 |a Systems and methods for magnetic shielding  |f S. V. Uchaykin 
203 |a Text  |c electronic 
300 |a Title screen 
330 |a Systems and methods for magnetic shielding are described. A magnetic shield formed of a material having a high magnetic permeability may be degaussed using a toroidal degaussing coil. The toroidal degaussing coil may enclose at least a portion of the shield. Magnetic field gradients may be actively compensated using multiple magnetic field sensors and local compensation coils. Trapped fluxons may be removed by an application of Lorentz force wherein an electrical current is passed through a superconducting plane. 
610 1 |a труды учёных ТПУ 
610 1 |a электронный ресурс 
610 1 |a магнитные экраны 
610 1 |a патенты 
700 1 |a Uchaykin  |b S. V.  |c specialist in the field of non-destructive testing  |c Engineer of Tomsk Polytechnic University, Doctor of physical and mathematical sciences  |f 1963-  |g Sergey Victorovich  |3 (RuTPU)RU\TPU\pers\32279 
712 0 2 |a Национальный исследовательский Томский политехнический университет  |c (2009- )  |9 26305 
801 2 |a RU  |b 63413507  |c 20170306  |g RCR 
856 4 |u http://patft.uspto.gov/netacgi/nph-Parser?Sect2=PTO1&Sect2=HITOFF&p=1&u=/netahtml/PTO/search-bool.html&r=1&f=G&l=50&d=PALL&RefSrch=yes&Query=PN/8441330 
942 |c CF